Die 20 größten deutsche Städte 1946 - Statistiken

Allgemein
  • Dieses Quiz wurde 137 mal gespielt
  • Das Durchschnittsergebnis liegt bei 17 aus 20
Antwortstatistiken
# Einwohner (1946) Stadt % Korrekt
1 3.187.470 Berlin
100%
2 1.403.300 Hamburg
100%
3 751.967 München
99%
9 424.065 Frankfurt am Main
98%
6 491.380 Köln
98%
10 420.909 Düsseldorf
97%
4 607.655 Leipzig
97%
7 467.966 Dresden
95%
11 413.528 Stuttgart
95%
8 436.491 Dortmund
94%
12 385.266 Bremen
92%
16 312.338 Nürnberg
90%
5 524.728 Essen
87%
14 354.955 Hannover
87%
13 356.408 Duisburg
81%
20 236.326 Magdeburg
71%
19 246.477 Bochum
67%
17 265.793 Gelsenkirchen
59%
15 325.846 Wuppertal
59%
18 250.188 Chemnitz
49%
Keine übereinstimmenden Quizze gefunden
Verteilung der Resultate
Anzahl Personen mit jedem Resultat
Perzentil nach korrekt beantworteten Fragen
Ihre Resultats-Entwicklung
Sie haben dieses Quiz noch nicht gespielt